000 00422nam a2200157 i 4500
001 bg
100 1 _aCHWIEDUK, Romuald
245 1 0 _aWarunki efektywnego zastosowania automatyzacji w przemyśle /
_cRomuald Chwieduk.
260 _aWarszawa :
_bPWE,
_c1970.
650 9 _aPrzemysł
_xautomatyzacja
040 _cBPK
041 0 _apol
080 _a681.5:66/69
942 _cKS
008 s pl f |000 0 pol
999 _c35536
_d35536
856 _uhttp://koha.tu.koszalin.pl/cgi-bin/koha/opac-detail.pl?biblionumber=35536
_yKatalog online BPK